Adaptations of Wheat Rusts to Adverse Conditions (Record no. 52196)

MARC details
000 -LEADER
fixed length control field 00467nam a22001817a 4500
003 - CONTROL NUMBER IDENTIFIER
control field OSt
008 - FIXED-LENGTH DATA ELEMENTS--GENERAL INFORMATION
fixed length control field 260622b |||||||| |||| 00| 0 eng d
082 ## - DEWEY DECIMAL CLASSIFICATION NUMBER
Classification number 633.1194
Item number P29A
100 ## - MAIN ENTRY--PERSONAL NAME
Personal name Patil, B.P
245 ## - TITLE STATEMENT
Title Adaptations of Wheat Rusts to Adverse Conditions
Statement of responsibility, etc. Patil, B.P
260 ## - PUBLICATION, DISTRIBUTION, ETC. (IMPRINT)
Place of publication, distribution, etc IARI, New, Delhi
Name of publisher, distributor, etc IARI, New, Delhi
Date of publication, distribution, etc 1964
300 ## - PHYSICAL DESCRIPTION
Extent 189p.
502 ## - DISSERTATION NOTE
Degree type Ph.D.
Year degree granted 1964
650 ## - SUBJECT ADDED ENTRY--TOPICAL TERM
Topical term or geographic name as entry element Plant Pathology
650 ## - SUBJECT ADDED ENTRY--TOPICAL TERM
Topical term or geographic name as entry element Ph.D.
650 ## - SUBJECT ADDED ENTRY--TOPICAL TERM
Topical term or geographic name as entry element Thesis
942 ## - ADDED ENTRY ELEMENTS (KOHA)
Source of classification or shelving scheme
Koha item type Thesis
Holdings
Withdrawn status Lost status Source of classification or shelving scheme Damaged status Not for loan Home library Current library Date acquired Source of acquisition Total Checkouts Full call number Barcode Date last seen Bill Date Koha item type Bill Number
          Dr. Rajendra Prasad Central Agricultural University Pusa, Dr. Rajendra Prasad Central Agricultural University Pusa, 22/06/2026 Donated Thesis   633.1194 P29A 46552-UL 22/06/2026 22/06/2026 Thesis 000
Hosted, Implemented, Customized & Maintained by: BestBookBuddies

Powered by Koha